00233nam a2200097Ia 4500008004100000100001600041245002800057260003100085300000800116650001100124190216s9999||||xx |||||||||||||| ||und|| aDr. Roy R N 0aText Book Of Biophysics bNew Central Book Agencies a704 aBotany